| 000 | 01767cab a2200205 4500 | ||
|---|---|---|---|
| 001 | L136013 | ||
| 008 | 070102n2006 000 0 eng u | ||
| 035 | _a(Sirsi) u136013 | ||
| 041 | 0 | _aeng | |
| 245 | 0 | 0 | _aJudgments - Standard Commerical Property Securities Limited and others (Respondents) v. Glasgow City Council (Appellants) and others (Scotland) Standard Commerical Property Securities Limited and others (Respondents) v. Glasgow City Council and others (Appellants) (Scotland) Conjoined Appeals) |
| 260 | _C2006 | ||
| 520 | _a[2006] UKHL 50, 16 November 2006. Concerned the compulsory purchase of a plot of land in Glasgow city centre by Glasgow City Council who entered into an agreement with a developer whereby the site would be transferred to the developer in exchange for the latter's undertaking to redevelop the site and indemnify the authority for the money expended in assembling the site and making it available. "Held": it was decided that the Council had acted within its powers (as set out in Town and Country Planning (Scotland) Act 1997) because of the site's poor condition, the Council's inability to fund the redevelopment itself and the lack of any suggestions by potential developers that they would be willing to pay more for the right to acquire the site than the amount of the indemnity. | ||
| 590 | _aKA | ||
| 650 | 2 | 4 | _aSTANDARD COMMERCIAL PROPERTY SECURITIES V GLASGOW CITY COUNCIL |
| 650 | 2 | 4 | _aTOWN AND COUNTRY PLANNING (SCOTLAND) ACT 1997 |
| 651 | 4 |
_aScotland _y1999- |
|
| 690 | _aENVIRONMENTAL AND LAND CONSULTANCY-PLANNING AND DEVELOPMENT | ||
| 856 | 4 | 0 |
_uhttps://www.publications.parliament.uk/pa/ld200607/ldjudgmt/jd071116/stand-1.htm _zView the judgment free of charge at www.publications.parliament.uk... |
| 942 | _n0 | ||
| 999 |
_c78095 _d78095 |
||